Scritti e discorsi / (Record no. 113099)

MARC details
000 -LEADER
campo de control de longitud fija 00679nam a2200193 4500
001 - NÚMERO DE CONTROL
campo de control 113099
003 - IDENTIFICADOR DE NÚMERO DE CONTROL
campo de control ES-MaACL
005 - FECHA Y HORA DE LA ÚLTIMA TRANSACCIÓN
campo de control 20250813063317.0
007 - CAMPO FIJO DE DESCRIPCIÓN FÍSICA--INFORMACIÓN GENERAL
campo de control de longitud fija t|
008 - DATOS DE LONGITUD FIJA--INFORMACIÓN GENERAL
campo de control de longitud fija 061121s1924 it r ||||1| ita d
100 1# - ENTRADA PRINCIPAL--NOMBRE DE PERSONA
Nombre de persona Mussolini, Benito,
Fechas asociadas al nombre 1883-1945
9 (RLIN) 84705
245 10 - MENCIÓN DEL TÍTULO
Título Scritti e discorsi /
Mención de responsabilidad, etc. di Benito Mussolini.
250 ## - MENCION DE EDICION
Mención de edición Ed. definitiva.
260 ## - PUBLICACIÓN, DISTRIBUCIÓN, ETC.
Lugar de publicación, distribución, etc. Milano :
Nombre del editor, distribuidor, etc. Ulrico Hoepli,
Fecha de publicación, distribución, etc. 1924.
300 ## - DESCRIPCIÓN FÍSICA
Extensión 2 v. ;
Dimensiones 22 cm.
505 8# - NOTA DE CONTENIDO CON FORMATO
Nota de contenido con formato Contiene: V. I. Dall'intervento al Fascismo (15 novembre 1914-22 marzo 1919). 1 lám. retr. aut. 282 p. V. II. Falta. V. III. Scritti e discorsi dal 1929 al 1921, 246 p.
852 ## - LOCALIZACIÓN
Ubicación ES-MaACL
Número de control de estantería P-678
Holdings
Estatus retirado Estado de pérdida Estado de daño No para préstamo Biblioteca de origen Biblioteca actual Ubicación en estantería Fecha de adquisición Fuente de adquisición Total de préstamos Signatura topográfica completa Código de barras Visto por última vez Precio de reemplazo Tipo de ítem Koha
        Biblioteca del Ateneo de Madrid Biblioteca del Ateneo de Madrid Depósito 2 17/01/2008     P-678 1117970 23/02/2023 23/02/2023 Libro impreso